000 00421nam a2200169Ia 4500
008 230524s9999 xx 000 0 und d
020 _a9788131807040
082 _bRAJ
100 _aR.K Rajput
245 2 _aA Course in Electrical Engineering Materials
250 _a1
260 _aNew Delhi
_bLaxmi Publi.
_c2011
300 _a"XI,486p;"
500 _aQuantity Number: 3
650 _aElectrical
942 _cBK
999 _c56579
_d56579